Normal view
MARC view
- AFGHANISTAN-HISTORY
Entry Topical Term
001 - CONTROL NUMBER
- control field: 80047
003 - CONTROL NUMBER IDENTIFIER
- control field: NUST
005 - DATE AND TIME OF LATEST TRANSACTION
- control field: 20210628210600.0
008 - FIXED-LENGTH DATA ELEMENTS
- fixed length control field: 210628|| aca||aabn | a|a d
040 ## - CATALOGING SOURCE
- Original cataloging agency: NUST
- Transcribing agency: NUST
150 ## - HEADING--TOPICAL TERM
- Topical term or geographic name entry element: AFGHANISTAN-HISTORY
670 ## - SOURCE DATA FOUND
- Source citation: Work cat.: (NUST): Muhammad Iftikhar Ali Khan, Raja 80046, Afghanistan tarikh kay muktalif advar may, 1996
